Versenyszellem és tudásvágy nyolcéves képzési formával bővült az érsekújvári gimnázium ...

Bibliographic Details
Main Authors: Zalaba, Zsuzsa, 1970- (ain), Tóth, Sándor 1940- (Author, uin)
Format: Article
Language:Hungarian
PhysicalDescription:Fotogr.
Subjects:

MARC

LEADER 00000nab a2200000 a 4500
001 vtls000677844
003 SK-MaSNL
005 20260319075929.0
008 160405c1998 xo 0 hun
015 |a SNBRB1998/11-30254 
035 |a CLN000030013 
040 |a SNKBUCL  |b slo  |c SNKBUCL  |e AACR2 
041 0 |a hun 
044 |a xo  |c SK 
080 |a 373.54(437.623=854=945.11)  |2 1997 
100 1 |a Zalaba, Zsuzsa,  |d 1970-  |4 ain  |9 113692 
245 1 0 |a Versenyszellem és tudásvágy  |b nyolcéves képzési formával bővült az érsekújvári gimnázium ...  |c Zalaba Zsuzsa, Tóth Sándor 
300 |b Fotogr. 
610 2 7 |a Gymnázium (Nové Zámky, Slovensko)  |2 snkbucl  |9 31908 
651 7 |a 404  |2 snkbucl  |9 296361 
655 7 |a články z novín a časopisov  |2 snkbucl  |9 267496 
700 1 |a Tóth, Sándor  |d 1940-  |4 aut  |4 uin  |9 905960 
773 0 |t Új szó  |g Roč. 51, č. 274 (26.11.1998) 
773 0 |t [Príl.] Nagyszünet  |g Roč. 1, č. 3 (26.11.1998), s. I 
850 |a Slovenská národná knižnica v Martine 
852 |a SNK  |b KIS3GCP 
958 |a HU 
958 |a SK 
958 |a RBX 
999 |c 1435721  |d 1437651